| 000 | 02995cam a2200445 i 4500 | ||
|---|---|---|---|
| 001 | 23835694 | ||
| 003 | DLC | ||
| 005 | 20260204163508.0 | ||
| 007 | t | ||
| 008 | 240823s2025 ohua 000 0 eng d | ||
| 010 | _a 2024944978 | ||
| 015 |
_aGBC4B3569 _2bnb |
||
| 016 | 7 |
_a300295031 _2UK |
|
| 020 |
_a9780357987384 _qpaperback |
||
| 020 | _a0357987381 | ||
| 024 | 8 | _aCIPO000119502 | |
| 035 | _a(OCoLC)on1517971768 | ||
| 040 |
_beng _cFoundation University _erda |
||
| 042 | _alccopycat | ||
| 050 | 0 | 0 |
_aJA 76 _b.2024 D66 |
| 100 | 1 |
_aDooley, Kevin L. _eauthor _914403 |
|
| 245 | 1 | 0 |
_aWhy politics matters : _ban introduction to political science / _cKevin L. Dooley, Joseph N. Patten. |
| 250 | _aFourth edition. | ||
| 264 | 1 |
_aMason : _bCengage, _c2024. _42024. |
|
| 300 |
_axxvi, 388 pages : _bcolor illustrations ; _c26 cm. _3resource _fvolume |
||
| 336 |
_atext _btxt _2rdacontent _0http://id.loc.gov/vocabulary/contentTypes/txt |
||
| 337 |
_aunmediated _bn _2rdamedia _0http://id.loc.gov/vocabulary/mediaTypes/n |
||
| 338 |
_avolume _bnc _2rdacarrier _0http://id.loc.gov/vocabulary/carriers/nc _3resource |
||
| 340 | _0http://id.loc.gov/vocabulary/millus/ill | ||
| 504 | _aIncludes bibliographical references and index. | ||
| 520 | _aWith the start of each new semester comes the initial thrill of meeting new students enrolled in our introduction to political science course. At Monmouth University, where we teach, the introductory course has always been considered the "gateway" to the discipline-a general education requirement that attracts majors from across the academic spectrum. We meet students studying everything from accounting, marketing, and management to anthropology, biology, and music. Thus, the learning environment includes a wide variety of interesting and creative students majoring primarily in subjects other than political science. Although each section will also have a number of politically active, politically motivated undergrads, the classroom is mainly filled with non majors. In many ways, it was this reality that made us consider not only how we were teaching this course but also how we could design an appropriate text for students from all academic disciplines. -- Preface | ||
| 650 | 0 |
_aPolitical science _0http://id.loc.gov/authorities/subjects/sh85104440 _96468 |
|
| 658 |
_aPolitical Science, Master of Arts in : _bFoundations and Framework of Political Research and Analysis ; _cPOL300 |
||
| 700 | 1 |
_aPatten, Joseph N. _eauthor _4http://id.loc.gov/vocabulary/relators/aut _1https://isni.org/isni/0000000430312259 _914404 |
|
| 758 | _1http://id.loc.gov/resources/instances/23835694 | ||
| 758 |
_4http://id.loc.gov/ontologies/bibframe/instanceOf _1http://id.loc.gov/resources/works/23835694 |
||
| 856 |
_uhttps://drive.google.com/file/d/1va5tzTQKW9uKxeeFVafa2LoF83Ve8I7_/view?usp=sharing _yClick here to view the table of content |
||
| 942 |
_2lcc _cBK _eFourth edition. _hJA 76 _i.2024 D66 _k(CAS-PS) |
||
| 999 |
_c5481 _d5481 |
||